00721nas a2200229Ia 4500001001600000003001000016008004100026040002500067041001300092100001800105210002000123222002000143245004700163250001100210260000900221501012300230300001600353362002600369500004100395650002700436700002800463A10/R201-39710 IT-MiCISF161014c99999999xx |||||||||||| ||und|| aIT-MiCISFcIT-MiCISF aITALIANO aOlearo Franco aStudi cattolici aStudi cattolici 0aSull'origine psichica dell'omosessualità€ a1a ed. c2004 bCISF - Centro Internazionale Studi Famiglia - Via Giotto, 36 20145 MILANO (non commercial uses only)cCopyright 2016 app. 392-397 an. 519, maggio [2004] a Tema: omosessualità€, chiesa, fede asessualità€varticolo a Van den Aardweg Gerard